Сборник научных работ. Вып.36 (Запись № 3743586)

Подробности
000 -МАРКЕР
контрольное поле 02002nam2a22002651 4500
001 - ИДЕНТИФИКАТОР ЗАПИСИ
контрольное поле RU\NLR\IC100\5000003494
005 - ИДЕНТИФИКАТОР ВЕРСИИ
контрольное поле 20250617133728.0
035 ## - ДРУГИЕ СИСТЕМНЫЕ НОМЕРА
Идентификатор записи (NLR Aleph) 002635988
100 ## - ДАННЫЕ ОБЩЕЙ ОБРАБОТКИ
Данные общей обработки 20040906d1964 |||y0rusy50 ca
101 0# - ЯЗЫК РЕСУРСА
Язык текста, звукозаписи и т.д. русский
102 ## - СТРАНА ПУБЛИКАЦИИ ИЛИ ПРОИЗВОДСТВА
Страна публикации российская федерация
105 ## - ПОЛЕ КОДИРОВАННЫХ ДАННЫХ: ТЕКСТОВЫЕ МАТЕРИАЛЫ, МОНОГРАФИЧЕСКИЕ
Кодированные данные о монографическом текстовом документе y |||||||||
200 0# - ЗАГЛАВИЕ И СВЕДЕНИЯ ОБ ОТВЕТСТВЕННОСТИ
Основное заглавие Вып.36
210 ## - ПУБЛИКАЦИЯ, РАСПРОСТРАНЕНИЕ И ДР.
Дата издания, распространения и т.д. 1964
Место издания, распространения и т.д. Б. м.
225 1# - СЕРИЯ
Основное заглавие серии ...
Обозначение тома Вып.36
Наименование части ...
Обозначение тома Сб.8
461 #0 - УРОВЕНЬ НАБОРА
Встроенное поле 001RU\NLR\INFOCOMM19\5000025000
-- 2001#$aСборник научных работ$fМ-во черной металлургии СССР. Центр. науч.-исслед. ин-т черной металлургии им. И.П. Бардина$vВып.36
Системный номер (АБИС) связанной записи 1909364
Автор Центральный научно-исследовательский институт черной металлургии им. И.П. Бардина (Москва)
Место публикации М.
Дата публикации 1948-1972
Первые сведения об ответственности М-во черной металлургии СССР. Центр. науч.-исслед. ин-т черной металлургии им. И.П. Бардина
Имя издателя, распространителя и т.д. Металлургия
Заглавие Сборник научных работ
Номер тома Вып.36
462 #0 - УРОВЕНЬ ПОДНАБОРА
Встроенное поле 001RU\NLR\IC100\5000003492
-- 2001#$aПроблемы металловедения и физики металлов$fМ-во металлург. пром. СССР. Центр. науч.-исслед. ин-т черной металлургии. Ин-т металловедения и физики металлов$vСб.8
Системный номер (АБИС) связанной записи 3743570
Место публикации М.
Дата публикации 1949-1968
Первые сведения об ответственности М-во металлург. пром. СССР. Центр. науч.-исслед. ин-т черной металлургии. Ин-т металловедения и физики металлов
Имя издателя, распространителя и т.д. Металлургиздат
Заглавие Сборник научных работ. - Проблемы металловедения и физики металлов
Номер тома Сб.8
801 #1 - ИСТОЧНИК ЗАПИСИ
Страна российская федерация
Организация InfoComm
Дата составления 20040906
801 #0 - ИСТОЧНИК ЗАПИСИ
Страна российская федерация
Организация NLR
Правила каталогизации PSBO
852 ## - МЕСТОНАХОЖДЕНИЕ И ШИФР ХРАНЕНИЯ
Идентификатор организации NLR
Шифр хранения (Call Number) П10/765
942 ## - ДОПОЛНИТЕЛЬНЫЕ ЭЛЕМЕНТЫ ЗАПИСИ (АБИС)
Тип экземпляра АБИС Выпуск
980 ## - КОЛЛЕКЦИЯ
Название коллекции Национальная библиография
980 ## - КОЛЛЕКЦИЯ
Название коллекции Русская периодика

Нет доступных экземпляров.